000 00722nam a2200241Ia 4500
003 OSt
005 20220918222659.0
006 a|||||r|||| 00| 0
007 ta
008 220917b |||||||| |||| 00| 0 eng d
024 _a217,830
037 _cTextual
040 _aARTS
_cARTS
_beng
041 _2eng
_aeng
082 _aY:393.1, P0
100 _aMcIntyre-Mills Janet J.
_9143792
245 0 _aGlobal citizenship and social movements
_b Creating transcultural webs of meaning for the new millennium
260 _aAustralia
_bHarwood academic pub.
_c2000
300 _a181p
_ccm.
650 _aSOCIOLOGY
942 _hY:393.1, P0
_cTEXL
_2CC
999 _c276188
_d276188